[Event "Qatar Masters Open 2015"]
[Site "Doha QAT"]
[Date "2015.12.21"]
[Round "2.38"]
[White "Karavade, Eesha"]
[Black "Lu, Shanglei"]
[Result "1/2-1/2"]
[WhiteElo "2379"]
[BlackElo "2618"]
[PlyCount "92"]
[EventDate "2015.12.20"]
[EventType "swiss"]
[EventRounds "9"]
[EventCountry "QAT"]
[Source "lmi"]
[SourceDate "2015.12.20"]

1. e4 c5 2. Nf3 d6 3. Bb5+ Nd7 4. d4 Ngf6 5. Nc3 cxd4 6. Qxd4 a6 7. Bxd7+ Bxd7
8. Bg5 h6 9. Bxf6 gxf6 10. O-O-O e6 11. Rhe1 Be7 12. Rd2 Qc7 13. Qe3 Qc5 14.
Nd4 O-O-O 15. f4 h5 16. Kb1 Kb8 17. Nf3 Qxe3 18. Rxe3 Rhg8 19. g3 Bc6 20. Nd5
Rge8 21. Nxe7 Rxe7 22. Nd4 Bd7 23. Nf3 Be8 24. c4 Rc7 25. b3 Kc8 26. Kb2 Kd7
27. Red3 Ke7 28. Nd4 Bd7 29. Ne2 Bc6 30. Nc3 Rcc8 31. Re3 Rg8 32. Nd5+ Bxd5 33.
cxd5 Rc5 34. dxe6 fxe6 35. Red3 Rc6 36. Rf2 Rg4 37. h3 Rg8 38. Rg2 e5 39. fxe5
dxe5 40. Rgd2 Ke6 41. Rf2 Rc7 42. Rf5 Rcg7 43. Rdf3 Rg6 44. Kc3 Ke7 45. Kc4
Rc8+ 46. Kb4 Rh6 1/2-1/2

[Event "Qatar Masters Open 2015"]
[Site "Doha QAT"]
[Date "2015.12.21"]
[Round "2.39"]
[White "Hamdouchi, Hicham"]
[Black "Pham, Le Thao Nguyen"]
[Result "1-0"]
[WhiteElo "2597"]
[BlackElo "2319"]
[PlyCount "151"]
[EventDate "2015.12.20"]
[EventType "swiss"]
[EventRounds "9"]
[EventCountry "QAT"]
[Source "lmi"]
[SourceDate "2015.12.20"]

1. e4 e5 2. Nf3 Nc6 3. Bb5 Nf6 4. O-O Nxe4 5. Re1 Nd6 6. Nxe5 Nxe5 7. Rxe5+ Be7
8. Nc3 O-O 9. Bd3 Bf6 10. Re3 g6 11. b3 Ne8 12. Ba3 d6 13. Qf3 Bd4 14. Re2 Bg7
15. Rae1 Nf6 16. h3 Rb8 17. Bc4 Bd7 18. Nd5 Bc6 19. Bb2 Bxd5 20. Bxd5 c6 21.
Bc4 Nd7 22. Bxg7 Kxg7 23. d4 d5 24. Bd3 Nf6 25. Re5 Rc8 26. a4 Rc7 27. Qg3 Qd6
28. f4 Nd7 29. R5e2 Rfc8 30. Qf2 Qf6 31. b4 Nf8 32. c3 Rd8 33. a5 b6 34. f5 c5
35. fxg6 Qxf2+ 36. Kxf2 hxg6 37. Re7 Rdd7 38. Rxd7 Nxd7 39. bxc5 bxc5 40. Rb1
Kf6 41. Ke3 Ke6 42. g4 g5 43. Rf1 Nf8 44. c4 Kd6 45. cxd5 Kxd5 46. Rf5+ Kd6 47.
dxc5+ Rxc5 48. Rxf7 Ne6 49. Rxa7 Nf4 50. Bf5 Rc3+ 51. Kd2 Rxh3 52. a6 Ra3 53.
Bc8 Ra2+ 54. Kc3 Nd5+ 55. Kb3 Ra5 56. Rd7+ Kc6 57. Rg7 Rb5+ 58. Kc2 Rc5+ 59.
Kd2 Kb6 60. Rxg5 Ra5 61. Bb7 Ra2+ 62. Kd3 Nf4+ 63. Ke4 Ra4+ 64. Kf5 Nd3 65.
Rg6+ Kc7 66. Rg7+ Kd6 67. Bc8 Ra5+ 68. Kf6 Ne5 69. g5 Ra1 70. Ra7 Rc1 71. Bf5
Ra1 72. Re7 Nc6 73. Re6+ Kc7 74. g6 Rxa6 75. g7 Ra8 76. Rxc6+ 1-0

[Event "Qatar Masters Open 2015"]
[Site "Doha QAT"]
[Date "2015.12.21"]
[Round "2.40"]
[White "Christiansen, Johan-Sebastian"]
[Black "Vocaturo, Daniele"]
[Result "0-1"]
[WhiteElo "2385"]
[BlackElo "2597"]
[PlyCount "104"]
[EventDate "2015.12.20"]
[EventType "swiss"]
[EventRounds "9"]
[EventCountry "QAT"]
[Source "lmi"]
[SourceDate "2015.12.20"]

1. Nf3 c5 2. c4 Nc6 3. Nc3 g6 4. e3 Nf6 5. d4 cxd4 6. exd4 d5 7. cxd5 Nxd5 8.
Qb3 e6 9. Bb5 Bg7 10. O-O O-O 11. Bxc6 bxc6 12. Na4 Ba6 13. Re1 Nb6 14. Bg5 Qd5
15. Nc3 Qd7 16. Ne4 Bc4 17. Qe3 f6 18. Bf4 Bd5 19. Nc5 Qf7 20. b3 Rfe8 21. Nd2
Rad8 22. a4 Bf8 23. b4 Nc8 24. Nde4 g5 25. Bg3 h6 26. Nc3 Nb6 27. Rac1 Bg7 28.
h4 Nc4 29. Qd3 f5 30. b5 f4 31. Bh2 cxb5 32. Nxb5 Nd6 33. Na6 Nxb5 34. axb5 Bb7
35. hxg5 hxg5 36. Rc7 Re7 37. Rxe7 Qxe7 38. Qg6 Rxd4 39. Nb8 Be4 40. Qh5 Rc4
41. Qe2 Qc5 42. Nc6 Qxb5 43. Ne7+ Kf8 44. Nc8 Qd5 45. Nxa7 Bd4 46. g3 f3 47.
Qa2 Rc2 48. Qa3+ Bc5 49. Qa1 Bxf2+ 50. Kh1 Bxe1 51. Qh8+ Kf7 52. Qh5+ Bg6 0-1

[Event "Qatar Masters Open 2015"]
[Site "Doha QAT"]
[Date "2015.12.21"]
[Round "2.41"]
[White "Pourkashiyan, Atousa"]
[Black "Esen, Baris"]
[Result "1/2-1/2"]
[WhiteElo "2322"]
[BlackElo "2562"]
[PlyCount "63"]
[EventDate "2015.12.20"]
[EventType "swiss"]
[EventRounds "9"]
[EventCountry "QAT"]
[Source "lmi"]
[SourceDate "2015.12.20"]

1. e4 c5 2. Nf3 d6 3. Bb5+ Bd7 4. Bxd7+ Nxd7 5. O-O Ngf6 6. Re1 Rc8 7. c3 c4 8.
b3 Nc5 9. bxc4 Nd3 10. Re3 Nxc1 11. Qxc1 Rxc4 12. Na3 Rc8 13. Qb2 Qb6 14. Qxb6
axb6 15. Rb1 Nd7 16. Rb4 e6 17. Ra4 Be7 18. Ra7 Rb8 19. Re1 O-O 20. Rb1 Rfc8
21. Kf1 Ra8 22. Rxa8 Rxa8 23. Nc4 Rxa2 24. Ke2 Ra4 25. Nxb6 Rxe4+ 26. Kf1 Nxb6
27. Rxb6 g6 28. Rxb7 Kf8 29. Rb8+ Kg7 30. Rb7 Kf8 31. Rb8+ Kg7 32. Rb7 1/2-1/2

[Event "Qatar Masters Open 2015"]
[Site "Doha QAT"]
[Date "2015.12.21"]
[Round "2.42"]
[White "Bartel, Marta"]
[Black "Xu, Jun"]
[Result "0-1"]
[WhiteElo "2271"]
[BlackElo "2526"]
[PlyCount "145"]
[EventDate "2015.12.20"]
[EventType "swiss"]
[EventRounds "9"]
[EventCountry "QAT"]
[Source "lmi"]
[SourceDate "2015.12.20"]

1. d4 Nf6 2. c4 e6 3. Nc3 Bb4 4. Qc2 c5 5. dxc5 Bxc5 6. Bf4 Nh5 7. Bxb8 Rxb8 8.
e3 Nf6 9. Nf3 b6 10. Rd1 Bb7 11. Be2 a6 12. O-O Qc7 13. a3 O-O 14. e4 Ng4 15.
b4 Bd6 16. h3 Nh2 17. Qd3 Nxf3+ 18. Bxf3 Be5 19. Ne2 a5 20. Rc1 axb4 21. axb4
Ra8 22. Rfd1 Ra4 23. Qxd7 Qxd7 24. Rxd7 Bc6 25. Rdd1 Rxb4 26. Rb1 Rxc4 27. Rxb6
Bxe4 28. Bxe4 Rxe4 29. Kf1 g6 30. Rc6 Ra8 31. Rc2 h5 32. Ng1 g5 33. Re2 Rxe2
34. Nxe2 Ra2 35. Nc1 Rc2 36. Ne2 Kg7 37. Rc1 Rb2 38. Rd1 f5 39. g3 Kf6 40. Rc1
Bd6 41. Rc6 Ke5 42. Rc4 Kd5 43. Rc8 Be5 44. Ra8 Bc7 45. Rh8 Ke4 46. Rxh5 f4 47.
gxf4 gxf4 48. Rc5 Bb6 49. Rc3 f3 50. Ng3+ Kf4 51. Nh5+ Kg5 52. Rxf3 Kxh5 53.
Rf6 Rb1+ 54. Ke2 Ba5 55. Kf3 Re1 56. Rf7 Bb6 57. Kg2 Kg6 58. Rf3 e5 59. Rf8 Bc5
60. Rc8 Bd4 61. Rf8 Re2 62. Kf1 Ra2 63. Rf3 Bc5 64. Rg3+ Kf5 65. Rf3+ Ke6 66.
Ke1 Ra1+ 67. Ke2 e4 68. Rf4 Ke5 69. Rf7 Bb4 70. f4+ Ke6 71. Rb7 Bc5 72. Rb5
Ra2+ 73. Ke1 0-1

[Event "Qatar Masters Open 2015"]
[Site "Doha QAT"]
[Date "2015.12.21"]
[Round "2.43"]
[White "Bromberger, Stefan"]
[Black "Abdumalik, Zhansaya"]
[Result "0-1"]
[WhiteElo "2521"]
[BlackElo "2390"]
[PlyCount "112"]
[EventDate "2015.12.20"]
[EventType "swiss"]
[EventRounds "9"]
[EventCountry "QAT"]
[Source "lmi"]
[SourceDate "2015.12.20"]

1. e4 e5 2. Nf3 Nc6 3. Bc4 Bc5 4. c3 Nf6 5. d3 a6 6. O-O O-O 7. Bb3 d6 8. Re1
Bb6 9. h3 Be6 10. Bc2 h6 11. d4 exd4 12. cxd4 Nb4 13. d5 Nxc2 14. Qxc2 Bd7 15.
Bf4 Re8 16. Nc3 Qc8 17. Rad1 Bxh3 18. gxh3 Qxh3 19. Nd4 Nh5 20. Re3 Qg4+ 21.
Bg3 f5 22. Qe2 Qg5 23. Nxf5 Bxe3 24. Qxe3 Qxf5 25. exf5 Rxe3 26. fxe3 Nxg3 27.
e4 Nh5 28. Rd4 Nf6 29. Rb4 Rb8 30. Ne2 a5 31. Rc4 c5 32. dxc6 bxc6 33. Rxc6
Nxe4 34. Nc3 Nxc3 35. bxc3 Rf8 36. Rxd6 Rxf5 37. Rd2 Rc5 38. Rc2 Kf7 39. c4 Ke6
40. Kf2 g5 41. Ke3 Ke5 42. Rh2 Rxc4 43. Rxh6 Rc3+ 44. Kf2 Ra3 45. Rc6 Rxa2+ 46.
Kf3 Ra4 47. Rc5+ Kf6 48. Kg3 Kg6 49. Rc8 Rb4 50. Rg8+ Kh6 51. Rh8+ Kg7 52. Ra8
a4 53. Ra6 Kf7 54. Kf3 g4+ 55. Ke2 Ke7 56. Rg6 a3 0-1

[Event "Qatar Masters Open 2015"]
[Site "Doha QAT"]
[Date "2015.12.21"]
[Round "2.44"]
[White "Roy, Prantik"]
[Black "Schroeder, Jan-Christian"]
[Result "1/2-1/2"]
[WhiteElo "2370"]
[BlackElo "2511"]
[PlyCount "91"]
[EventDate "2015.12.20"]
[EventType "swiss"]
[EventRounds "9"]
[EventCountry "QAT"]
[Source "lmi"]
[SourceDate "2015.12.20"]

1. Nf3 Nf6 2. c4 e6 3. g3 d5 4. Bg2 dxc4 5. Qa4+ Bd7 6. Qxc4 c5 7. Ne5 Qc8 8.
Nc3 Nc6 9. Nxd7 Qxd7 10. Qa4 Rc8 11. O-O Be7 12. a3 O-O 13. d3 Rfd8 14. Be3 b6
15. Rfc1 Nd4 16. Qxd7 Rxd7 17. Bxd4 Rxd4 18. b4 Rd7 19. Ne4 Rdc7 20. bxc5 Nxe4
21. Bxe4 Rxc5 22. Rxc5 Rxc5 23. a4 Rc2 24. Kf1 g5 25. d4 Rc3 26. Ra2 Rc1+ 27.
Kg2 Rc4 28. e3 f5 29. Bc2 Kf7 30. Bd3 Rc3 31. Bb5 Ba3 32. Rd2 Bd6 33. h3 h5 34.
Be2 g4 35. hxg4 hxg4 36. Rd1 Kg6 37. Bb5 Rc2 38. Bd7 Kf6 39. Rh1 Bb4 40. Rh6+
Kg7 41. Rh1 Bd2 42. Kf1 Rc1+ 43. Kg2 Rxh1 44. Kxh1 Kf6 45. Bc8 Bb4 46. Kg2
1/2-1/2

[Event "Qatar Masters Open 2015"]
[Site "Doha QAT"]
[Date "2015.12.21"]
[Round "2.47"]
[White "Khismatullin, Denis"]
[Black "Aryan, Chopra"]
[Result "1-0"]
[WhiteElo "2654"]
[BlackElo "2436"]
[PlyCount "131"]
[EventDate "2015.12.20"]
[EventType "swiss"]
[EventRounds "9"]
[EventCountry "QAT"]
[Source "lmi"]
[SourceDate "2015.12.20"]

1. Nf3 d5 2. g3 c6 3. Bg2 Bg4 4. O-O Nf6 5. c4 e6 6. cxd5 exd5 7. d3 Be7 8. Nc3
O-O 9. h3 Bf5 10. Nd4 Bd7 11. e4 c5 12. Nde2 d4 13. Nb1 Bc6 14. Nd2 Na6 15. b3
Nb4 16. Nf3 Bb5 17. Ne5 Nd7 18. Nc4 Bxc4 19. bxc4 Ne5 20. Nf4 Bg5 21. a3 Nbc6
22. Nd5 Bxc1 23. Rxc1 f6 24. Rb1 Rb8 25. f4 Nf7 26. Rb5 Qd6 27. Qa4 Rfe8 28. h4
b6 29. Rb2 Qd7 30. Kh2 Rbd8 31. Re2 Na5 32. Qxd7 Rxd7 33. Bh3 Rd6 34. g4 h6 35.
Ref2 Nc6 36. g5 hxg5 37. fxg5 Nce5 38. gxf6 g6 39. Rg1 Kh7 40. Rg3 Kh6 41. a4
Nc6 42. h5 g5 43. Bf5 Nfe5 44. Bg6 Rf8 45. Kg2 g4 46. Rf5 Re6 47. Kf2 Nb4 48.
Ke2 Nexd3 49. Rxd3 Rxe4+ 50. Kd2 Nxd3 51. Kxd3 g3 52. Rf1 g2 53. Rg1 Rg4 54.
Ke2 Rg3 55. f7 d3+ 56. Kf2 Rg4 57. Ne3 Rf4+ 58. Kg3 R4xf7 59. Bxf7 Rxf7 60.
Rxg2 Rd7 61. Rd2 a6 62. Ng4+ Kg5 63. Ne5 Rb7 64. Rxd3 b5 65. Rd5 bxa4 66. Ng4#
1-0

[Event "Qatar Masters Open 2015"]
[Site "Doha QAT"]
[Date "2015.12.21"]
[Round "2.48"]
[White "Tregubov, Pavel V"]
[Black "Nezad, Husein Aziz"]
[Result "1-0"]
[WhiteElo "2589"]
[BlackElo "2425"]
[PlyCount "117"]
[EventDate "2015.12.20"]
[EventType "swiss"]
[EventRounds "9"]
[EventCountry "QAT"]
[Source "lmi"]
[SourceDate "2015.12.20"]

1. d4 Nf6 2. c4 g6 3. Nc3 Bg7 4. e4 d6 5. Bg5 h6 6. Be3 Ng4 7. Bc1 e5 8. d5 f5
9. h3 Nf6 10. exf5 gxf5 11. Bd3 Na6 12. Nge2 O-O 13. Ng3 e4 14. Bc2 c6 15. O-O
b5 16. cxb5 cxb5 17. Nce2 Nb4 18. Nf4 Nxc2 19. Qxc2 Qe8 20. Be3 h5 21. Rac1 h4
22. Nge2 Qf7 23. Qd2 Re8 24. Rc6 Bb7 25. Rxd6 Rad8 26. Rxd8 Rxd8 27. d6 Nd5 28.
Nxd5 Qxd5 29. Qxd5+ Bxd5 30. b3 Bf7 31. Bf4 a5 32. Rd1 a4 33. Nd4 Bxd4 34. Rxd4
axb3 35. axb3 Bxb3 36. Bg5 Rd7 37. Bxh4 Kf7 38. Bg3 Be6 39. Bf4 Ra7 40. Kh2 Ra4
41. Rxa4 bxa4 42. Bc1 Kf6 43. Bb2+ Kg5 44. g3 Bd7 45. Kg2 Bb5 46. Ba3 Kf6 47.
Bc5 Ke6 48. g4 f4 49. Ba3 e3 50. fxe3 fxe3 51. Kf3 e2 52. Kf2 Ke5 53. h4 Kf6
54. h5 Bd7 55. Bb2+ Kf7 56. g5 a3 57. g6+ Kg8 58. Bc3 Bf5 59. h6 1-0

[Event "Qatar Masters Open 2015"]
[Site "Doha QAT"]
[Date "2015.12.21"]
[Round "2.50"]
[White "Svane, Rasmus"]
[Black "Gholami, Aryan"]
[Result "1-0"]
[WhiteElo "2529"]
[BlackElo "2422"]
[PlyCount "41"]
[EventDate "2015.12.20"]
[EventType "swiss"]
[EventRounds "9"]
[EventCountry "QAT"]
[Source "lmi"]
[SourceDate "2015.12.20"]

1. Nf3 Nf6 2. c4 e6 3. Nc3 d5 4. d4 dxc4 5. e4 Bb4 6. Bxc4 Nxe4 7. O-O Nxc3 8.
bxc3 Be7 9. Ne5 O-O 10. Qg4 Nc6 11. Re1 Nxe5 12. dxe5 Re8 13. Rd1 Bd7 14. Rd3
Qc8 15. Rh3 g6 16. Qf4 Bf8 17. Qh4 h5 18. Bg5 Bg7 19. Bf6 Kh7 20. Bd3 Rh8 21.
Qxh5+ 1-0

[Event "Qatar Masters Open 2015"]
[Site "Doha QAT"]
[Date "2015.12.21"]
[Round "2.52"]
[White "Sunilduth Lyna, Narayanan"]
[Black "Saduakassova, Dinara"]
[Result "1/2-1/2"]
[WhiteElo "2494"]
[BlackElo "2407"]
[PlyCount "63"]
[EventDate "2015.12.20"]
[EventType "swiss"]
[EventRounds "9"]
[EventCountry "QAT"]
[Source "lmi"]
[SourceDate "2015.12.20"]

1. d4 Nf6 2. c4 e6 3. Nf3 b6 4. g3 Bb4+ 5. Bd2 Bxd2+ 6. Qxd2 Ba6 7. Na3 Bb7 8.
Bg2 d6 9. O-O Nbd7 10. Rac1 O-O 11. Rfd1 a6 12. Nb1 Qc8 13. Nc3 Ne4 14. Nxe4
Bxe4 15. d5 Bxf3 16. Bxf3 e5 17. b4 a5 18. a3 axb4 19. axb4 Ra3 20. Bg4 f5 21.
Bh3 e4 22. Qf4 g6 23. Bg2 Ra4 24. Qd2 Ne5 25. c5 bxc5 26. bxc5 Qa6 27. cxd6
cxd6 28. h3 Ra2 29. Rc2 Rxc2 30. Qxc2 Rc8 31. Qd2 Qa4 32. Rb1 1/2-1/2

[Event "Qatar Masters Open 2015"]
[Site "Doha QAT"]
[Date "2015.12.21"]
[Round "2.54"]
[White "Ezat, Mohamed"]
[Black "Slavin, Alexey"]
[Result "1/2-1/2"]
[WhiteElo "2490"]
[BlackElo "2388"]
[PlyCount "128"]
[EventDate "2015.12.20"]
[EventType "swiss"]
[EventRounds "9"]
[EventCountry "QAT"]
[Source "lmi"]
[SourceDate "2015.12.20"]

1. d4 Nf6 2. c4 e6 3. Nc3 Bb4 4. Qc2 O-O 5. a3 Bxc3+ 6. Qxc3 d5 7. Bg5 c5 8. e3
h6 9. Bxf6 Qxf6 10. Nf3 Nc6 11. cxd5 cxd4 12. Nxd4 Nxd4 13. Qxd4 Qxd4 14. exd4
exd5 15. Bd3 Bd7 16. Kd2 Rac8 17. Rac1 Rxc1 18. Rxc1 Rc8 19. Rc5 Be6 20. Kc3
Kf8 21. Kb4 Ke7 22. a4 b6 23. Rc3 Rxc3 24. bxc3 Kd6 25. a5 Bd7 26. Bb5 Bc6 27.
axb6 axb6 28. h4 Kc7 29. Bxc6 Kxc6 30. Ka4 Kc7 31. Kb5 Kb7 32. g4 g5 33. h5 f6
34. Kb4 Kc6 35. Ka4 Kc7 36. Kb3 Kc6 37. Kc2 Kb5 38. Kd3 Ka4 39. c4 dxc4+ 40.
Kxc4 b5+ 41. Kc5 b4 42. d5 b3 43. d6 b2 44. d7 b1=Q 45. d8=Q Qb4+ 46. Kc6 Qxg4
47. Qe8 Qd4 48. f3 Qf4 49. Kd5+ Kb3 50. Qe4 Qxe4+ 51. Kxe4 Kc3 52. Kf5 Kd3 53.
Kxf6 Ke3 54. Kg6 Kxf3 55. Kxh6 g4 56. Kg7 g3 57. h6 g2 58. h7 g1=Q+ 59. Kf7 Qd4
60. Kg8 Qd5+ 61. Kg7 Qg5+ 62. Kf7 Qh6 63. Kg8 Qg6+ 64. Kh8 Ke4 1/2-1/2

[Event "Qatar Masters Open 2015"]
[Site "Doha QAT"]
[Date "2015.12.21"]
[Round "2.55"]
[White "Abhishek, Kelkar"]
[Black "Shoker, Samy"]
[Result "1-0"]
[WhiteElo "2393"]
[BlackElo "2489"]
[PlyCount "59"]
[EventDate "2015.12.20"]
[EventType "swiss"]
[EventRounds "9"]
[EventCountry "QAT"]
[Source "lmi"]
[SourceDate "2015.12.20"]

1. e4 g6 2. d4 Bg7 3. Nc3 d6 4. Nf3 Nf6 5. Be3 a6 6. h3 b5 7. e5 Nfd7 8. Ng5
Nb6 9. e6 Bxe6 10. Nxe6 fxe6 11. a4 N8d7 12. h4 Nf6 13. axb5 axb5 14. Bxb5+ Kf7
15. Bc6 Rxa1 16. Qxa1 Nbd5 17. O-O Nb4 18. Ba4 Qa8 19. Qe1 Nbd5 20. Bb3 Rb8 21.
Qe2 Nxc3 22. bxc3 Qc6 23. Re1 Qb5 24. Bc4 Qh5 25. f3 Qa5 26. Bg5 Kg8 27. Qxe6+
Kh8 28. Qxe7 Ng8 29. Bxg8 Rxg8 30. Bf6 1-0

[Event "Qatar Masters Open 2015"]
[Site "Doha QAT"]
[Date "2015.12.21"]
[Round "2.56"]
[White "Zhukova, Natalia"]
[Black "Konguvel, Ponnuswamy"]
[Result "1-0"]
[WhiteElo "2488"]
[BlackElo "2377"]
[PlyCount "79"]
[EventDate "2015.12.20"]
[EventType "swiss"]
[EventRounds "9"]
[EventCountry "QAT"]
[Source "lmi"]
[SourceDate "2015.12.20"]

1. d4 Nf6 2. c4 g6 3. Nf3 Bg7 4. e3 c5 5. d5 d6 6. Nc3 O-O 7. Be2 e6 8. O-O
exd5 9. cxd5 a6 10. a4 b6 11. Nd2 Re8 12. e4 Nbd7 13. h3 Qc7 14. Qc2 Rb8 15.
Re1 h6 16. Nc4 Ne5 17. Nxe5 Rxe5 18. b3 Bb7 19. Bb2 Rbe8 20. Bd3 R5e7 21. Rf1
Bc8 22. f4 Bd7 23. Rad1 Qb8 24. e5 dxe5 25. d6 Qxd6 26. Bxg6 Qc7 27. fxe5 Rxe5
28. Nd5 Nxd5 29. Bxf7+ Kh8 30. Bxe5 Rxe5 31. Bxd5 Rg5 32. Rf7 Qd6 33. Bf3 Bd4+
34. Kh1 Rg7 35. Rxg7 Kxg7 36. Qe4 a5 37. Re1 Bf6 38. Bh5 Qg3 39. Rd1 Bc8 40.
Qe8 1-0

[Event "Qatar Masters Open 2015"]
[Site "Doha QAT"]
[Date "2015.12.21"]
[Round "2.57"]
[White "Li, Di"]
[Black "Sanal, Vahap"]
[Result "1-0"]
[WhiteElo "2389"]
[BlackElo "2487"]
[PlyCount "145"]
[EventDate "2015.12.20"]
[EventType "swiss"]
[EventRounds "9"]
[EventCountry "QAT"]
[Source "lmi"]
[SourceDate "2015.12.20"]

1. d4 Nf6 2. c4 e6 3. Nf3 b6 4. g3 Bb7 5. Bg2 Be7 6. O-O O-O 7. Nc3 Ne4 8. Bd2
Nxd2 9. Qxd2 d6 10. Qc2 g6 11. Rad1 Nd7 12. Ne1 c6 13. e4 Qc7 14. f4 Rac8 15.
a3 Ba6 16. Qa4 Nb8 17. Rf2 e5 18. Nf3 exd4 19. Nxd4 Rfe8 20. h3 Bf8 21. Kh2 Bg7
22. Rfd2 h5 23. h4 Rcd8 24. b4 Bxc4 25. b5 Be6 26. bxc6 Bxd4 27. Qxd4 Nxc6 28.
Qe3 Bc4 29. Nd5 Bxd5 30. Rxd5 Ne7 31. R5d3 Nf5 32. Qd2 Nh6 33. Bf3 Qc5 34. Rc1
Qb5 35. f5 Ng4+ 36. Bxg4 hxg4 37. fxg6 fxg6 38. Rd5 Qd7 39. Qg5 Kh7 40. h5 Rg8
41. Kg2 Rc8 42. Qf6 g5 43. Rxd6 Qxd6 44. Qxd6 Rxc1 45. Qd7+ Rg7 46. Qxg4 Rc5
47. Qe6 g4 48. e5 Rg5 49. Qf7+ Kh6 50. e6 Rc2+ 51. Kg1 Rc1+ 52. Kf2 Rc2+ 53.
Ke3 Rc3+ 54. Kd4 Rc8 55. e7 Rgg8 56. Ke5 b5 57. Kd6 Rb8 58. Qf5 Rb6+ 59. Kc5
Rbb8 60. Kb4 Rbe8 61. Qf7 Rb8 62. Ka5 Kg5 63. Ka6 Kh6 64. Kxa7 Ra8+ 65. Kb6
Rab8+ 66. Kc5 Rgc8+ 67. Kd5 Rg8 68. Kc6 Kg5 69. Kd7 Rb7+ 70. Ke6 Rb6+ 71. Ke5
Rbb8 72. Qf6+ Kxh5 73. Kf5 1-0

[Event "Qatar Masters Open 2015"]
[Site "Doha QAT"]
[Date "2015.12.21"]
[Round "2.58"]
[White "Neelotpal, Das"]
[Black "Guramishvili, Sopiko"]
[Result "1/2-1/2"]
[WhiteElo "2475"]
[BlackElo "2368"]
[PlyCount "78"]
[EventDate "2015.12.20"]
[EventType "swiss"]
[EventRounds "9"]
[EventCountry "QAT"]
[Source "lmi"]
[SourceDate "2015.12.20"]

1. e4 c5 2. Nf3 e6 3. d4 cxd4 4. Nxd4 Nc6 5. Nc3 Qc7 6. Be2 Nf6 7. O-O Be7 8.
Be3 d6 9. f4 O-O 10. Ndb5 Qb8 11. a4 b6 12. Bf3 Bb7 13. Qd2 Rd8 14. Qf2 Na5 15.
Rad1 Nc4 16. Bc1 d5 17. e5 Bc5 18. Nd4 Ne4 19. Bxe4 dxe4 20. b3 Na5 21. Be3 Bb4
22. Nce2 Nc6 23. f5 Nxe5 24. fxe6 f6 25. h3 Ng6 26. Qf5 Qe5 27. Qg4 Bc5 28. c3
Bd5 29. Bf2 Re8 30. b4 Bxe6 31. Qg3 Bf8 32. Nxe6 Qxe6 33. Nd4 Qc4 34. Nf5 Rac8
35. Bd4 Qc7 36. Qg4 Kh8 37. Rde1 Qc6 38. Ng3 e3 39. Rf3 e2 1/2-1/2

[Event "Qatar Masters Open 2015"]
[Site "Doha QAT"]
[Date "2015.12.21"]
[Round "2.59"]
[White "Li, Ruofan"]
[Black "Krush, Irina"]
[Result "1/2-1/2"]
[WhiteElo "2372"]
[BlackElo "2468"]
[PlyCount "95"]
[EventDate "2015.12.20"]
[EventType "swiss"]
[EventRounds "9"]
[EventCountry "QAT"]
[Source "lmi"]
[SourceDate "2015.12.20"]

1. d4 Nf6 2. c4 e6 3. Nc3 Bb4 4. Qc2 b6 5. a3 Bxc3+ 6. Qxc3 Bb7 7. Bg5 h6 8.
Bh4 g5 9. Bg3 Ne4 10. Qc2 d6 11. e3 Nd7 12. f3 Nxg3 13. hxg3 Qe7 14. Bd3 h5 15.
O-O-O O-O-O 16. Ne2 h4 17. g4 h3 18. Ng3 hxg2 19. Rxh8 Rxh8 20. Qxg2 Nf6 21.
Rh1 Re8 22. Ne4 Nxe4 23. Bxe4 d5 24. cxd5 exd5 25. Bf5+ Kb8 26. Re1 Qd6 27. Kb1
a5 28. Qf2 Rh8 29. f4 f6 30. Bc2 Bc8 31. Qf3 Rh2 32. fxg5 fxg5 33. Bf5 Ba6 34.
Bc2 Bc4 35. e4 dxe4 36. Qxe4 Qg3 37. Rc1 Re2 38. Qc6 Rxc2 39. Rxc2 Bd3 40. Qe8+
Kb7 41. Qc6+ Kb8 42. Qe8+ Ka7 43. Qc6 Qh2 44. b4 axb4 45. Qa4+ Kb8 46. Qe8+ Ka7
47. Qa4+ Kb8 48. Qe8+ 1/2-1/2

[Event "Qatar Masters Open 2015"]
[Site "Doha QAT"]
[Date "2015.12.21"]
[Round "2.60"]
[White "Moroni, Luca Jr"]
[Black "Bivol, Alina"]
[Result "1-0"]
[WhiteElo "2466"]
[BlackElo "2344"]
[PlyCount "181"]
[EventDate "2015.12.20"]
[EventType "swiss"]
[EventRounds "9"]
[EventCountry "QAT"]
[Source "lmi"]
[SourceDate "2015.12.20"]

1. d4 Nf6 2. Nf3 g6 3. g3 Bg7 4. Bg2 d6 5. O-O O-O 6. Nc3 Nbd7 7. e4 e5 8. Re1
b6 9. a4 a5 10. h3 Re8 11. g4 Bb7 12. Bg5 Qb8 13. Qd2 c6 14. Rad1 Nf8 15. Be3
Ba6 16. Nh2 h5 17. g5 N6d7 18. f4 exf4 19. Bxf4 Ne6 20. Be3 Bb7 21. Qf2 Ra7 22.
Nf3 Ba8 23. Rf1 Re7 24. h4 Bb7 25. Qd2 Ba6 26. Rfe1 c5 27. b3 Re8 28. Bf2 Qc8
29. Bh3 cxd4 30. Nxd4 Ne5 31. Kg2 Ng4 32. Bxg4 hxg4 33. Nd5 g3 34. Bg1 Nc5 35.
Qf4 Bb7 36. Nb5 Bxd5 37. Nxa7 Qa6 38. Rxd5 Be5 39. Qf3 Qxa7 40. Bd4 Ne6 41.
Rxe5 dxe5 42. Bxe5 Qd7 43. Rd1 Qc6 44. Rf1 Nd8 45. Bf6 Qxc2+ 46. Kxg3 Qc7+ 47.
Kg2 Ne6 48. h5 Nf8 49. e5 gxh5 50. Qxh5 Qc2+ 51. Rf2 Qe4+ 52. Kh2 Qh7 53. Qh3
Ng6 54. Qxh7+ Kxh7 55. Kg3 Rc8 56. Rh2+ Kg8 57. Rh6 Rc3+ 58. Kf2 Rc6 59. Ke3
Kf8 60. Kd4 Ke8 61. Rh7 Rc5 62. Rg7 Nf4 63. Rg8+ Kd7 64. Rd8+ Kc7 65. Ke4 Ng6
66. Rg8 Kd7 67. Rd8+ Kc7 68. Ra8 Kd7 69. Ra7+ Rc7 70. Ra6 Rc6 71. Kf5 Nh4+ 72.
Kf4 Ng6+ 73. Ke4 Kc8 74. Ra7 Rc7 75. Ra8+ Kd7 76. Rd8+ Kc6 77. Kf5 Nh4+ 78. Kg4
Ng6 79. Kh5 Rd7 80. Re8 Rb7 81. Kh6 Kd7 82. Rd8+ Ke6 83. Kg7 Kf5 84. Re8 Nf4
85. Re7 Rxe7 86. Bxe7 Ke6 87. Bd8 Kxe5 88. Bc7+ Kf5 89. Bxf4 Kxf4 90. Kf6 Kg4
91. Kxf7 1-0

[Event "Qatar Masters Open 2015"]
[Site "Doha QAT"]
[Date "2015.12.21"]
[Round "2.61"]
[White "Ly, Moulthun"]
[Black "Vaishali, R."]
[Result "1-0"]
[WhiteElo "2462"]
[BlackElo "2313"]
[PlyCount "107"]
[EventDate "2015.12.20"]
[EventType "swiss"]
[EventRounds "9"]
[EventCountry "QAT"]
[Source "lmi"]
[SourceDate "2015.12.20"]

1. e4 e5 2. Nf3 Nc6 3. Bb5 a6 4. Ba4 Nf6 5. O-O b5 6. Bb3 Bb7 7. d3 Be7 8. Nc3
d6 9. a3 O-O 10. Re1 h6 11. Bd2 Re8 12. a4 Na5 13. Ba2 b4 14. Nd5 c5 15. c3
bxc3 16. Bxc3 Rb8 17. Nxe7+ Rxe7 18. b4 cxb4 19. Bxb4 Bc8 20. Qd2 Nc6 21. Bc3
Bg4 22. Re3 Be6 23. h3 Bxa2 24. Qxa2 d5 25. Re2 d4 26. Be1 Reb7 27. Rc2 Qd6 28.
Rac1 Ne7 29. Ba5 Ne8 30. Rc5 Rb1 31. Rxb1 Rxb1+ 32. Qxb1 Qxc5 33. Qb8 Qc1+ 34.
Be1 Qc8 35. Qxe5 Nc6 36. Qc5 Qd7 37. Qc4 Nc7 38. g3 Qd6 39. Kg2 a5 40. Bd2 Ne6
41. Qa6 Qc7 42. Qb5 Kf8 43. Ng1 Ke7 44. Ne2 Kd7 45. Nf4 g5 46. Nd5 Qb8 47. Nb6+
Kc7 48. Bxa5 Nxa5 49. Nd5+ Kc8 50. Qxa5 Qb3 51. Qa8+ Kd7 52. Qa7+ Kd6 53. Qe7+
Kc6 54. Qxf7 1-0

[Event "Qatar Masters Open 2015"]
[Site "Doha QAT"]
[Date "2015.12.21"]
[Round "2.62"]
[White "Dai, Changren"]
[Black "Venkatesh, M.R."]
[Result "1-0"]
[WhiteElo "2328"]
[BlackElo "2451"]
[PlyCount "85"]
[EventDate "2015.12.20"]
[EventType "swiss"]
[EventRounds "9"]
[EventCountry "QAT"]
[Source "lmi"]
[SourceDate "2015.12.20"]

1. e4 e5 2. Nf3 Nc6 3. Bb5 Nge7 4. Nc3 d6 5. O-O Bd7 6. Re1 a6 7. Bc4 Ng6 8. d4
Be7 9. dxe5 Ncxe5 10. Nxe5 Nxe5 11. Bb3 c6 12. h3 g5 13. Qh5 Qa5 14. Be3 O-O-O
15. Na4 c5 16. Nc3 Rdf8 17. Nd5 Bd8 18. Qe2 Qb5 19. Qd1 Qc6 20. a4 f5 21. a5
Kb8 22. Ba4 Qc8 23. Nb6 Bxb6 24. axb6 Rf6 25. Bxg5 Rg6 26. Be7 Nf7 27. Qd5 Bxa4
28. Rxa4 Qe6 29. Qxe6 Rxe6 30. Bh4 Rhe8 31. f3 d5 32. Bg3+ Ka8 33. Bc7 fxe4 34.
fxe4 Nd6 35. e5 Nc8 36. Ra5 Rc6 37. b3 d4 38. Rf1 c4 39. Rf6 cxb3 40. cxb3 Ne7
41. Rxc6 Nxc6 42. Rd5 h6 43. Kf2 1-0